| 000 | 01349nam a22002297a 4500 | ||
|---|---|---|---|
| 999 |
_c6453 _d6453 |
||
| 003 | DO-SdBJH | ||
| 005 | 20210819174302.0 | ||
| 008 | 210819b ||||| |||| 00| 0 spa d | ||
| 040 |
_aDO-SdBJH _bspa _cDO-SdBJH |
||
| 090 |
_aTG EGCEMN _b01652 2019 |
||
| 100 | 1 |
_aLluberes Castillo, Sharon Alfredo _esustentante |
|
| 245 | 1 | 0 |
_aImportancia y desafió de la industria militar en la República Dominicana / _cSharon Alfredo Lluberes Castillo, asesores Eddy M. Fournier Martínez, Radhamés Vega Domínguez |
| 260 |
_aSanto Domingo Este : _bINSUDE, _c2019 |
||
| 300 | _axv, 93 páginas, gráficas, cuadros, ilustraciones | ||
| 502 | _aTesis (Especialidad en Comando y Estado Mayor Naval). -- Instituto Superior para la Defensa (INSUDE). Escuela de Graduados de Estudios Superiores Navales, 2019 | ||
| 504 | _aIncluye referencias bibliográficas e índices | ||
| 505 | _aOrigen, historia y evolución de las industrias militares, Creación de la industria militar. -- Importancia de la industria militar en la República Dominicana. -- Impacto institución de las instalaciones de las industrias textiles | ||
| 700 | 1 |
_aFournier Martínez, Eddy M. _easesor |
|
| 700 | 1 |
_aVega Domínguez, Radhamés _easesor |
|
| 830 | _aINSUDE. “Escuela de Graduados de Estudios Superiores Navales”. Tesis y disertaciones académicas | ||
| 942 |
_2CL _cT |
||